00470 2200133 4500001002100000005001500021035002000036007000300056008003900059100001700098245015700115260003900272856002500311INLIS00000000000211120200204113818 a0010-0220000128ta200204 | | | 0 aHelda Yunita1 aFaktor Faktor Resiko Yang Berhubungan Dengan Gejala Klinis Ispa Pada Balita Di Pemukiman Wilayah Kerja Puskesmas Kebun Handil Kota Jambi /cHelda Yunita aJambi :bStikes Prima Jambi,c2017 aKesehatan Masyarakat